000
00192 a2200097 4500
020
_a
9781492658818
041
_a
eng
100
_a
Marianne Ricmond
245
_a
Be brave little one
942
_c
K
999
_c
28390
_d
28390